000
00324 a2200157 4500
001
161159
020
_a
040
_c
Magnum
100
_a
Joly, Fanny
240
1
0
_a
Quem tem medo de escuro ?
_l
por
245
1
0
_a
Quem tem medo de escuro ?
362
0
_a
1899
440
1
_a
Scipione
697
_a
I/POESIA
942
_c
BK
999
_c
161159
_d
161159